Histoire du Second Empire - Statistiques

Statistiques générales
  • Ce quiz a été pris 33 fois
  • Le résultat moyen est 9 sur 42
Statistiques - réponses
Hint Réponse % Correct
Période du Second Empire 1852-1870
91%
Baron connu pour avoir modernisé Paris Baron Haussmann
77%
Premier Ministre allemand en 1862 qui selon lui l'unification allemande ne se fera que par "le fer et le sang" Otto von Bismarck
59%
Date du traité de libre échange franco-britannique 1860
45%
Première exposition universelle tenue à Paris 1855
41%
Napoléon III accorde le droit de grève aux ouvriers 1864
41%
Chef de l'opposition libérale Adolphe Thiers
41%
Révolutionnaire italien ayant perpétré un attentat contre l'Empereur en 1858 Felice Orsini
41%
Date des élections qui voit une montée des opposants républicains au sein du Corps législatif 1863
36%
Victoire franco-piémontaise importante qui porte le nom d'un boulevard Magenta
36%
Candidature du prince prussien Léopold de Hohenzollern au trône de quel pays ? Espagne
32%
Congrès de Paris, mettant fin à la guerre 1856
27%
Discours dans lequel Napoléon III annonce sa politique économique Discours de Bordeaux
27%
Nom de celui qui le prononce Léon Gambetta
23%
Nombre de km de voies ferrées construite en France en 1870 17 000
18%
Banques d'affaires crées en 1852 par les Frères Pereire visant à dynamiser la finance française Crédit MobilierCrédit Foncier
18%
Diffusion d'un télégramme par Bismarck pour provoquer Napoléon III dans lequel est écrite une version tronquée d'une entrevue entre le roi allemand et l'ambassadeur français Dépêche d'Ems
18%
Loi votée à la suite de cet évènement Loi de sûreté générale
18%
Qui est le pape à cette époque ? Pie IX
18%
LA famille de banquiers qui a financée beaucoup de projets de Napoléon III Rothschild
18%
Victoire décisive française qui porte le nom d'une station de métro Sébastopol
18%
La France déclare la guerre à la Prusse 19 juillet 1870
14%
Bismarck prend la tête de la ... en 1866 Confédération d'Allemagne du Nord
14%
Quel ex-républicain devient chef du gouvernement en 1870 ? Emile Ollivier
14%
Quels territoires sont rattachés à la France par le Traité de Turin de 1860 ? Savoie et Nice
14%
Nom du groupe se formant autour de lui Tiers parti
14%
Ministre de l'Intérieur et ami de Napoléon III Victor de Persigny
14%
Entrevue de Plombières 21 juillet 1858
9%
Qui s'oppose à la politique italienne de Napoléon III ? Catholiques
9%
Seule guerre en Europe dans laquelle la France n'intervient pas (1864) Guerre des duchés
9%
Loi du 17 février 1852 instaurant des mesures telles que le système d'avertissement et l'autorisation préalable Loi sur la presse
9%
Publication d'un discours mettant en lumière le manque de députés ouvriers Manifeste des Soixante
9%
Armistice mettant fin à la guerre d'indépendance italienne Armistice de Villafranca
5%
But de l'expédition du Mexique Créer un empire latin
5%
Surnom du régime Démocratie absolue
5%
Véritable motivation de la Russie dans la guerre étendre son influence vers le Sud
5%
Premier pôle d'opposition républicain Groupe des Cinq
5%
Industrie majeur sous le Second Empire qui connaît un essor grâce à la construction de voies ferrées Industrie textile
5%
Désir de Napoléon III qui a poussé à la modernisation de Paris (qu'elle devienne...) la plus belle capitale du monde
5%
Date de la suppression de la loi de la presse (mois, année) mai 1868
5%
Programme réclamant des réformes sociales (1869) Programme de Belleville
5%
Raison du déclenchement de la guerre de Crimée Protection des catholiques latins
5%
Aucun quiz correspondant
Distribution des résultats
% des personnes avec chaque résultat
Percentile par nombre de réponses
Votre historique - résultats
Vous n’avez pas pris ce quiz